000 01087nam a22003377a 4500
003 CHAP
005 20220329141409.0
008 971013s1987 r 00010 d
010 _a67511
011 _a68483
035 _a77955
040 _cCHAP
090 _aTesis
100 0 0 _aFernández Silva, María del Socorro.
_940301
245 _aProblema ocupacional en el campo, 1970-1984
260 _aChapingo, Méx. :
_bEl autor,
_c1987
300 _a156 h.
500 _a24-139
502 _aTesis (Ing. Agrónomo Esp. en Economía Agrícola) -- UACH. Departamento de Economía Agrícola
590 _aALEPH
_b10
_c20130110
_lUCH01
_h1402
590 _aBATCH-UPD
_b10
_c20130110
_lUCH01
_h0716
590 _aBATCH-UPD
_b10
_c20130410
_lUCH01
_h0401
590 _aBATCH-UPD
_b10
_c20130914
_lUCH01
_h1154
590 _aCONVERSION
_b10
_c20130109
_lUCH01
_h1337
650 1 4 _aAgricultura
_xTrabajadores
_xMexico.
_91867
650 1 4 _aDesempleo.
_932123
700 0 _aRamos Ledezma, Martha.
_994438
901 _aBK
942 _cTESIS
949 _bBC
_cTES
_d-30828
_eTS1
_h21022
_i77955
_si
999 _c67511
_d67511